Optimization concepts and applications in engineering / (Record no. 181155)
[ view plain ]
| 000 -LEADER | |
|---|---|
| fixed length control field | 01208 a2200229 4500 |
| 003 - CONTROL NUMBER IDENTIFIER | |
| control field | Nust |
| 005 - DATE AND TIME OF LATEST TRANSACTION | |
| control field | 20221128131635.0 |
| 010 ## - LIBRARY OF CONGRESS CONTROL NUMBER | |
| LC control number | 98044441 |
| 020 ## - INTERNATIONAL STANDARD BOOK NUMBER | |
| International Standard Book Number | 0130312797 |
| 035 ## - SYSTEM CONTROL NUMBER | |
| System control number | (DLC) 98044441 |
| 040 ## - CATALOGING SOURCE | |
| Transcribing agency | Nust |
| 082 00 - DEWEY DECIMAL CLASSIFICATION NUMBER | |
| Classification number | 519.3024, BEL |
| 100 1# - MAIN ENTRY--PERSONAL NAME | |
| Personal name | Belegundu, Ashok D., |
| 9 (RLIN) | 103682 |
| 245 10 - TITLE STATEMENT | |
| Title | Optimization concepts and applications in engineering / |
| Statement of responsibility, etc. | Ashok D. Belegundu, Tirupathi R. Chandrupatla. |
| 260 ## - PUBLICATION, DISTRIBUTION, ETC. | |
| Place of publication, distribution, etc. | Upper Saddle River, N.J. : |
| Name of publisher, distributor, etc. | Prentice Hall, |
| Date of publication, distribution, etc. | c1999. |
| 300 ## - PHYSICAL DESCRIPTION | |
| Extent | xi, 432 p. : |
| Other physical details | ill. ; |
| Dimensions | 25 cm. + |
| Accompanying material | 1 computer laser optical disc (4 3/4 in.). |
| 505 ## - FORMATTED CONTENTS NOTE | |
| Formatted contents note | Preliminary Concepts (Page-1), One Dimensional Unconstrained Minimization (Page-21), Unconstrained Minimization (Page-56), Linear Programming (Page-92), Constrained Minimization (Page-141), Penalty Function and Duality Based Methods (Page-222),Direct Methods for Nonlinear Optimization (Page-259), Integer and Discrete Programming (Page-296), Dynamic Programming (Page-327), Pareto Optimality (Page-373), Finite Element Based Optimization (Page-385), |
| 650 #0 - SUBJECT ADDED ENTRY--TOPICAL TERM | |
| Topical term or geographic name entry element | Engineering |
| General subdivision | Mathematical models. |
| 650 #0 - SUBJECT ADDED ENTRY--TOPICAL TERM | |
| Topical term or geographic name entry element | Mathematical optimization. |
| 700 1# - ADDED ENTRY--PERSONAL NAME | |
| Personal name | Chandrupatla, Tirupathi R., |
| Dates associated with a name | 1944- |
| 9 (RLIN) | 103683 |
| 942 ## - ADDED ENTRY ELEMENTS (KOHA) | |
| Source of classification or shelving scheme | |
| Koha item type | Book |
| Withdrawn status | Lost status | Source of classification or shelving scheme | Damaged status | Not for loan | Permanent Location | Current Location | Shelving location | Date acquired | Full call number | Barcode | Date last seen | Price effective from | Koha item type | Public note |
|---|---|---|---|---|---|---|---|---|---|---|---|---|---|---|
| Military College of Signals (MCS) | Military College of Signals (MCS) | General Stacks | 12/12/2016 | 519.3024, BEL | MCS32402 | 12/08/2016 | 12/12/2016 | Book | Almirah No.14, Shelf No.3 |
